[Event "25. Open Cappelle la Grande 2009"]
[Site "Cappelle la Grande FRA"]
[Date "2009.03.01"]
[Round "2.38"]
[White "Sulskis, Sarunas"]
[Black "Sanduleac, Vasile"]
[Result "1-0"]
[WhiteElo "2573"]
[BlackElo "2432"]
[PlyCount "78"]
[EventDate "2009.02.28"]
[EventType "swiss"]
[EventRounds "9"]
[EventCountry "FRA"]
[Source "lmi"]
[SourceDate "2009.02.28"]

1. e4 c6 2. d4 d5 3. Nc3 dxe4 4. Nxe4 Bf5 5. Ng3 Bg6 6. h4 h6 7. Nf3 Nd7 8. h5
Bh7 9. Bd3 Bxd3 10. Qxd3 e6 11. Bf4 Bb4+ 12. c3 Be7 13. Ne4 Ngf6 14. Nd6+ Bxd6
15. Bxd6 Nb6 16. Bf4 Qd5 17. Ne5 Nfd7 18. Qg3 Nxe5 19. Bxe5 Rg8 20. b3 Qe4+ 21.
Kd2 Nd5 22. Rae1 Qf5 23. Qh3 Qxh3 24. Rxh3 Rd8 25. c4 Nf6 26. Kc3 Ke7 27. a4
Rd7 28. Rh4 Ne8 29. g4 Nd6 30. Rh3 g6 31. hxg6 Rxg6 32. f3 f6 33. Bf4 Nf7 34.
Reh1 e5 35. dxe5 fxe5 36. Bxh6 e4 37. fxe4 Rxg4 38. Re3 b6 39. c5 bxc5 1-0

[Event "25. Open Cappelle la Grande 2009"]
[Site "Cappelle la Grande FRA"]
[Date "2009.03.01"]
[Round "2.47"]
[White "Sveshnikov, Evgeny"]
[Black "Clery, Nicolas"]
[Result "1-0"]
[WhiteElo "2535"]
[BlackElo "2373"]
[PlyCount "67"]
[EventDate "2009.02.28"]
[EventType "swiss"]
[EventRounds "9"]
[EventCountry "FRA"]
[Source "lmi"]
[SourceDate "2009.02.28"]

1. e4 Nf6 2. e5 Nd5 3. c4 Nb6 4. c5 Nd5 5. Nc3 c6 6. Bc4 e6 7. Ne4 b6 8. Nd6+
Bxd6 9. cxd6 O-O 10. Nf3 f6 11. d4 Ba6 12. b3 fxe5 13. Bg5 Qe8 14. Nxe5 Rf5 15.
h4 h6 16. Be3 c5 17. Rh3 Nxe3 18. Rxe3 Bxc4 19. bxc4 Rxe5 20. dxe5 Nc6 21. Qg4
Nd4 22. O-O-O Qf7 23. Rxd4 cxd4 24. Rf3 Qe8 25. h5 Rc8 26. Qg6 Rxc4+ 27. Kd2
Qc8 28. Rf7 Rc2+ 29. Qxc2 Qxc2+ 30. Kxc2 Kxf7 31. f4 g6 32. hxg6+ Kxg6 33. g4
h5 34. gxh5+ 1-0

[Event "25. Open Cappelle la Grande 2009"]
[Site "Cappelle la Grande FRA"]
[Date "2009.03.01"]
[Round "2.34"]
[White "Vorobiov, Evgeny E"]
[Black "Iskusnyh, Sergei"]
[Result "1-0"]
[WhiteElo "2591"]
[BlackElo "2458"]
[PlyCount "97"]
[EventDate "2009.02.28"]
[EventType "swiss"]
[EventRounds "9"]
[EventCountry "FRA"]
[Source "lmi"]
[SourceDate "2009.02.28"]

1. d4 d5 2. c4 c6 3. Nf3 Nf6 4. e3 a6 5. Bd3 Bg4 6. Nbd2 Nbd7 7. Qc2 e6 8. c5
g6 9. b4 Bg7 10. Bb2 O-O 11. O-O Bxf3 12. Nxf3 e5 13. dxe5 Ng4 14. e4 Ndxe5 15.
Nxe5 Bxe5 16. h3 Qf6 17. Bxe5 Nxe5 18. exd5 cxd5 19. Rad1 Rfe8 20. Rfe1 Nxd3
21. Qxd3 Rxe1+ 22. Rxe1 Rd8 23. a3 h5 24. g3 d4 25. Kg2 Qc6+ 26. Qf3 a5 27.
Qxc6 bxc6 28. Kf3 axb4 29. axb4 d3 30. Ke3 d2 31. Rd1 Rb8 32. Rxd2 Rxb4 33. Rd6
h4 34. Rxc6 Rb3+ 35. Kd4 hxg3 36. Rc8+ Kg7 37. fxg3 Rxg3 38. c6 Rg1 39. Rb8 Rc1
40. Kd5 Kf6 41. Kd6 Rd1+ 42. Kc5 Rc1+ 43. Kb6 Rb1+ 44. Ka7 Ra1+ 45. Kb7 Rb1+
46. Kc8 Rc1 47. c7 Ke7 48. Kb7 Rb1+ 49. Ka6 1-0

[Event "25. Open Cappelle la Grande 2009"]
[Site "Cappelle la Grande FRA"]
[Date "2009.03.01"]
[Round "2.24"]
[White "Vovk, Yuri"]
[Black "Plachetka, Jan"]
[Result "1-0"]
[WhiteElo "2546"]
[BlackElo "2406"]
[PlyCount "81"]
[EventDate "2009.02.28"]
[EventType "swiss"]
[EventRounds "9"]
[EventCountry "FRA"]
[Source "lmi"]
[SourceDate "2009.02.28"]

1. e4 e5 2. Nf3 d6 3. d4 Nf6 4. dxe5 Nxe4 5. Qd5 Nc5 6. Bg5 Be7 7. exd6 Qxd6 8.
Nc3 c6 9. Qxd6 Bxd6 10. O-O-O Be7 11. Bc4 Be6 12. Rhe1 Nba6 13. a3 Nc7 14. b4
Nd7 15. Bf4 Nb6 16. Bb3 Nbd5 17. Nxd5 Nxd5 18. Be5 a5 19. c4 Nf6 20. Bc3 axb4
21. axb4 b5 22. Nd4 bxc4 23. Nxe6 fxe6 24. Bxc4 Nd5 25. Bxd5 cxd5 26. Rxe6 Kf7
27. Rc6 Bf6 28. Rxd5 Rhc8 29. Rdc5 Rcb8 30. Ra5 Rc8 31. b5 Rxc6 32. bxc6 Rc8
33. Rc5 Be7 34. Rc4 Bd6 35. Ba5 Bxh2 36. g3 h5 37. c7 g5 38. Rd4 h4 39. Rd8
Rxc7+ 40. Bxc7 h3 41. Rd1 1-0

[Event "25. Open Cappelle la Grande 2009"]
[Site "Cappelle la Grande FRA"]
[Date "2009.03.01"]
[Round "2.59"]
[White "Wantiez, Fabrice"]
[Black "Pushkov, Nikolai"]
[Result "1-0"]
[WhiteElo "2325"]
[BlackElo "2486"]
[PlyCount "63"]
[EventDate "2009.02.28"]
[EventType "swiss"]
[EventRounds "9"]
[EventCountry "FRA"]
[Source "lmi"]
[SourceDate "2009.02.28"]

1. e4 e6 2. d4 d5 3. Nc3 Nf6 4. Bg5 dxe4 5. Nxe4 Be7 6. Bxf6 gxf6 7. Qd2 f5 8.
Nc3 Bf6 9. Nf3 O-O 10. O-O-O a6 11. g4 fxg4 12. Rg1 e5 13. Bd3 Bg7 14. Nxe5 Qh4
15. h3 Bh6 16. f4 g3 17. Ne2 Kh8 18. Rxg3 Nd7 19. Qe3 Nf6 20. Rdg1 Be6 21. Qf2
Qh5 22. Kb1 Bd5 23. Ng4 Ne4 24. Bxe4 Bxe4 25. Nxh6 Qxh6 26. d5 Qf6 27. Nc3 Bf5
28. Rg5 h6 29. Qh4 Kh7 30. d6 c6 31. Ne2 Rad8 32. Rg8 1-0

[Event "25. Open Cappelle la Grande 2009"]
[Site "Cappelle la Grande FRA"]
[Date "2009.03.01"]
[Round "2.60"]
[White "Yandemirov, Valeri"]
[Black "Miedema, Roi"]
[Result "1-0"]
[WhiteElo "2474"]
[BlackElo "2325"]
[PlyCount "57"]
[EventDate "2009.02.28"]
[EventType "swiss"]
[EventRounds "9"]
[EventCountry "FRA"]
[Source "lmi"]
[SourceDate "2009.02.28"]

1. e4 e5 2. Nf3 Nf6 3. Nc3 Nc6 4. d4 exd4 5. Nxd4 Bb4 6. Nxc6 bxc6 7. Bd3 d5 8.
exd5 cxd5 9. O-O O-O 10. Bg5 c6 11. Qf3 h6 12. Bf4 Bd6 13. h3 Rb8 14. b3 Rb4
15. Bxd6 Qxd6 16. Rad1 Rf4 17. Qe3 Re8 18. Qxa7 Nd7 19. Ne2 Rh4 20. Ng3 Ne5 21.
Bf5 Rf4 22. Bxc8 Rxc8 23. Qe3 Ng6 24. Rfe1 Qa3 25. Qc3 Rc4 26. Qd2 Rb4 27. Nf5
Rb7 28. Qc3 f6 29. Rxd5 1-0

[Event "25. Open Cappelle la Grande 2009"]
[Site "Cappelle la Grande FRA"]
[Date "2009.03.01"]
[Round "2.21"]
[White "Genov, Petar"]
[Black "Baramidze, David"]
[Result "1/2-1/2"]
[WhiteElo "2465"]
[BlackElo "2548"]
[PlyCount "80"]
[EventDate "2009.02.28"]
[EventType "swiss"]
[EventRounds "9"]
[EventCountry "FRA"]
[Source "lmi"]
[SourceDate "2009.02.28"]

1. d4 d5 2. c4 c6 3. Nf3 Nf6 4. Nc3 e6 5. cxd5 exd5 6. Bg5 Be7 7. e3 Bf5 8. Bd3
Bxd3 9. Qxd3 Nbd7 10. O-O O-O 11. Qc2 Re8 12. Rab1 a5 13. Rfc1 Nb6 14. Na4 Nxa4
15. Bxf6 Bxf6 16. Qxa4 Be7 17. Qb3 Qc8 18. Re1 Bd6 19. Qc2 Qd7 20. a3 a4 21. e4
dxe4 22. Rxe4 Rxe4 23. Qxe4 g6 24. Re1 Ra5 25. h3 Kg7 26. Qc2 Qf5 27. Qc3 Qd5
28. Ne5 Rb5 29. Nc4 Bf4 30. Qc2 Qxd4 31. Re4 Qf6 32. Qxa4 Bc1 33. b4 Rd5 34.
Qc2 Bf4 35. g3 Bc7 36. Kg2 h5 37. Ne3 Rd7 38. Nc4 Rd5 39. Ne3 Rd7 40. Nc4 Rd5
1/2-1/2

[Event "25. Open Cappelle la Grande 2009"]
[Site "Cappelle la Grande FRA"]
[Date "2009.03.01"]
[Round "2.46"]
[White "Ibarra Chami, Luis Fernando"]
[Black "Lalic, Bogdan"]
[Result "1/2-1/2"]
[WhiteElo "2379"]
[BlackElo "2538"]
[PlyCount "79"]
[EventDate "2009.02.28"]
[EventType "swiss"]
[EventRounds "9"]
[EventCountry "FRA"]
[Source "lmi"]
[SourceDate "2009.02.28"]

1. e4 c6 2. d4 d5 3. e5 Bf5 4. Nf3 e6 5. Be2 Bg6 6. O-O Nh6 7. Nbd2 Nd7 8. Ne1
f6 9. Ndf3 Nf7 10. Nd3 Bxd3 11. Bxd3 fxe5 12. Nxe5 Ndxe5 13. dxe5 Nxe5 14. Qh5+
Nf7 15. Re1 Qf6 16. Bd2 g6 17. Bc3 e5 18. Rxe5+ Nxe5 19. Bxe5 gxh5 20. Bxf6 Rg8
21. Bxh7 Kf7 22. Bxg8+ Kxf6 23. Bh7 Re8 24. Bd3 b5 25. h4 b4 26. Kf1 Bc5 27.
Re1 Rf8 28. f4 Rg8 29. Be2 Kf5 30. Bxh5 Kxf4 31. Re6 Bd4 32. b3 Rh8 33. Bf3
Rxh4 34. Ke2 Bc3 35. Rxc6 Ke5 36. Ke3 Rd4 37. Ra6 Bd2+ 38. Ke2 Bc3 39. Ke3 Bd2+
40. Ke2 1/2-1/2

[Event "25. Open Cappelle la Grande 2009"]
[Site "Cappelle la Grande FRA"]
[Date "2009.03.01"]
[Round "2.29"]
[White "Iturrizaga, Eduardo"]
[Black "Sieciechowicz, Marcin"]
[Result "1/2-1/2"]
[WhiteElo "2528"]
[BlackElo "2341"]
[PlyCount "59"]
[EventDate "2009.02.28"]
[EventType "swiss"]
[EventRounds "9"]
[EventCountry "FRA"]
[Source "lmi"]
[SourceDate "2009.02.28"]

1. d4 d5 2. c4 c6 3. Nf3 Nf6 4. e3 e6 5. Bd3 Nbd7 6. O-O Bd6 7. Nc3 O-O 8. e4
dxc4 9. Bxc4 e5 10. Be3 Qe7 11. Re1 exd4 12. Bxd4 Ne5 13. Nxe5 Bxe5 14. Bxe5
Qxe5 15. h3 b5 16. Bb3 a5 17. a3 Be6 18. Bxe6 fxe6 19. Qc2 Rad8 20. Rad1 Rxd1
21. Nxd1 c5 22. Qc3 Qxc3 23. Nxc3 b4 24. Na4 c4 25. f3 Rc8 26. Kf2 Rc6 27. Ke3
e5 28. Rd1 Kf7 29. g3 g5 30. g4 1/2-1/2

[Event "25. Open Cappelle la Grande 2009"]
[Site "Cappelle la Grande FRA"]
[Date "2009.03.01"]
[Round "2.78"]
[White "Philippe, Christophe"]
[Black "Nakar, Eylon"]
[Result "1/2-1/2"]
[WhiteElo "2458"]
[BlackElo "2208"]
[PlyCount "58"]
[EventDate "2009.02.28"]
[EventType "swiss"]
[EventRounds "9"]
[EventCountry "FRA"]
[Source "lmi"]
[SourceDate "2009.02.28"]

1. e4 e6 2. d4 d5 3. Nc3 Nf6 4. Bg5 Bb4 5. Nge2 dxe4 6. a3 Be7 7. Bxf6 Bxf6 8.
Nxe4 e5 9. d5 O-O 10. N2c3 Be7 11. g4 Nd7 12. Bg2 Nf6 13. h3 Nxe4 14. Bxe4 Bc5
15. Qd3 Qh4 16. O-O-O g6 17. Rhg1 Bxf2 18. Rg2 Bd7 19. Kb1 Bd4 20. Ne2 Bc5 21.
Rf1 Kh8 22. Qc3 Bd6 23. Rgf2 f5 24. Bd3 Rf6 25. Ng1 Raf8 26. Nf3 Qg3 27. Ng5
Qh4 28. Nf3 Qg3 29. Ng5 Qh4 1/2-1/2

[Event "25. Open Cappelle la Grande 2009"]
[Site "Cappelle la Grande FRA"]
[Date "2009.03.01"]
[Round "2.44"]
[White "Voekler, Bernd"]
[Black "Leon Hoyos, Manuel"]
[Result "1/2-1/2"]
[WhiteElo "2373"]
[BlackElo "2542"]
[PlyCount "52"]
[EventDate "2009.02.28"]
[EventType "swiss"]
[EventRounds "9"]
[EventCountry "FRA"]
[Source "lmi"]
[SourceDate "2009.02.28"]

1. e4 c5 2. Nf3 Nc6 3. d4 cxd4 4. Nxd4 g6 5. c4 Nf6 6. Nc3 d6 7. Be2 Nxd4 8.
Qxd4 Bg7 9. Bg5 O-O 10. Qe3 Qb6 11. Qxb6 axb6 12. f3 Be6 13. Kd2 Rfc8 14. b3 h6
15. Be3 Nd7 16. a4 f5 17. Rab1 fxe4 18. fxe4 Nc5 19. Bf3 g5 20. Nd5 Bxd5 21.
exd5 Rd8 22. h4 Bf6 23. Kc2 Kg7 24. hxg5 Bxg5 25. Bd4+ Bf6 26. Bf2 Bg5 1/2-1/2

[Event "25. Open Cappelle la Grande 2009"]
[Site "Cappelle la Grande FRA"]
[Date "2009.03.01"]
[Round "2.87"]
[White "Bacon, Nicolas"]
[Black "Housieaux, David"]
[Result "0-1"]
[WhiteElo "2220"]
[BlackElo "2419"]
[PlyCount "66"]
[EventDate "2009.02.28"]
[EventType "swiss"]
[EventRounds "9"]
[EventCountry "FRA"]
[Source "lmi"]
[SourceDate "2009.02.28"]

1. e4 c6 2. d4 d5 3. e5 Bf5 4. Nf3 e6 5. Be2 Nd7 6. O-O Ne7 7. Nbd2 Nc8 8. Ne1
Bg6 9. Ndf3 c5 10. c4 Ncb6 11. Bg5 Be7 12. dxc5 Nxc4 13. Bxc4 dxc4 14. c6 bxc6
15. Bxe7 Qxe7 16. Qa4 Qc5 17. Rc1 Nb6 18. Qa6 O-O 19. a4 Qb4 20. a5 Qxb2 21.
axb6 Qxc1 22. b7 Rad8 23. Nd3 Qxf1+ 24. Kxf1 Bxd3+ 25. Ke1 c3 26. Qxa7 c2 27.
Kd2 Be4+ 28. Nd4 c5 29. Qxc5 Bxb7 30. Kc1 Be4 31. f3 Bg6 32. g4 Rb8 33. Ne2
Rfd8 0-1

[Event "25. Open Cappelle la Grande 2009"]
[Site "Cappelle la Grande FRA"]
[Date "2009.03.01"]
[Round "2.74"]
[White "Fayard, Alain"]
[Black "Terrieux, Kevin"]
[Result "0-1"]
[WhiteElo "2250"]
[BlackElo "2465"]
[PlyCount "44"]
[EventDate "2009.02.28"]
[EventType "swiss"]
[EventRounds "9"]
[EventCountry "FRA"]
[Source "lmi"]
[SourceDate "2009.02.28"]

1. d4 Nf6 2. c4 e6 3. Nc3 Bb4 4. e3 b6 5. Nge2 c5 6. a3 Ba5 7. Rb1 Na6 8. Bd2
O-O 9. Nf4 cxd4 10. exd4 Bxc3 11. Bxc3 d5 12. b3 Qd6 13. Qc1 Rd8 14. Be2 Bb7
15. O-O Rac8 16. Bb2 Nb8 17. Qe3 Nc6 18. Rfc1 dxc4 19. d5 exd5 20. bxc4 d4 21.
Qg3 Ne4 22. Qh4 g5 0-1

[Event "25. Open Cappelle la Grande 2009"]
[Site "Cappelle la Grande FRA"]
[Date "2009.03.01"]
[Round "2.33"]
[White "Guidarelli, Laurent"]
[Black "Malakhatko, Vadim"]
[Result "0-1"]
[WhiteElo "2433"]
[BlackElo "2610"]
[PlyCount "122"]
[EventDate "2009.02.28"]
[EventType "swiss"]
[EventRounds "9"]
[EventCountry "FRA"]
[Source "lmi"]
[SourceDate "2009.02.28"]

1. d4 d5 2. c4 c6 3. Nf3 Nf6 4. Nc3 dxc4 5. a4 Na6 6. e3 Bg4 7. Bxc4 e6 8. O-O
Nb4 9. h3 Bh5 10. Be2 Be7 11. Ne5 Bxe2 12. Qxe2 O-O 13. Rd1 c5 14. Nb5 a6 15.
dxc5 Qc8 16. Nd4 Bxc5 17. Nb3 Be7 18. Bd2 Qc7 19. Nf3 Rac8 20. Bc3 Nbd5 21. Bd4
Ne4 22. Nbd2 Nxd2 23. Qxd2 Bb4 24. Qd3 f6 25. Qf1 Qc2 26. Ne1 Qb3 27. e4 Ne7
28. Qd3 Qc4 29. Be3 Bxe1 30. Qxc4 Rxc4 31. Rxe1 Rxe4 32. Bc5 Rxe1+ 33. Rxe1 Kf7
34. Bxe7 Kxe7 35. Rc1 Kd7 36. Rd1+ Kc7 37. Rc1+ Kb8 38. Rd1 Rf7 39. g4 Kc7 40.
b4 Rd7 41. Rc1+ Kd8 42. Rc4 g5 43. Kg2 Rd3 44. b5 axb5 45. axb5 Rb3 46. Ra4
Rxb5 47. Ra8+ Kd7 48. Rh8 Rb4 49. Rxh7+ Kc6 50. Re7 Kd6 51. Rf7 Ke5 52. Kg3 b5
53. f3 Rc4 54. Rb7 b4 55. Rb6 Kd5 56. h4 gxh4+ 57. Kxh4 Rf4 58. Kh5 Kc5 59.
Rxe6 Rxf3 60. Re8 b3 61. Rf8 Rf4 0-1

[Event "25. Open Cappelle la Grande 2009"]
[Site "Cappelle la Grande FRA"]
[Date "2009.03.01"]
[Round "2.57"]
[White "Valuet, Bertrand"]
[Black "Babaev, Rashad"]
[Result "0-1"]
[WhiteElo "2336"]
[BlackElo "2491"]
[PlyCount "80"]
[EventDate "2009.02.28"]
[EventType "swiss"]
[EventRounds "9"]
[EventCountry "FRA"]
[Source "lmi"]
[SourceDate "2009.02.28"]

1. e4 c5 2. Nf3 d6 3. d4 cxd4 4. Nxd4 Nf6 5. Nc3 Nc6 6. Bc4 Bd7 7. Bg5 e6 8.
Qd2 a6 9. Bb3 h6 10. Be3 Ng4 11. Bf4 e5 12. Nxc6 bxc6 13. Bg3 Be7 14. O-O g5
15. f3 Nf6 16. Bf2 O-O 17. Na4 Be6 18. c4 Rb8 19. Rfd1 Qc7 20. Rac1 Rfd8 21. h4
Nh5 22. Be3 gxh4 23. Bxh6 Kh7 24. g4 hxg3 25. Kg2 Rh8 26. Rh1 Kg6 27. Rxh5 Kxh5
28. Rh1+ Kg6 29. f4 f5 30. Bc2 Kf7 31. Qe2 Ke8 32. exf5 Bf7 33. Bg7 Rxh1 34.
Kxh1 Rb4 35. b3 Qa7 36. fxe5 dxe5 37. Bxe5 Bd5+ 38. Be4 Qf2 39. Qxf2 gxf2 40.
Kg2 Bxe4+ 0-1

[Event "25. Open Cappelle la Grande 2009"]
[Site "Cappelle la Grande FRA"]
[Date "2009.03.01"]
[Round "3.42"]
[White "Arutinian, David"]
[Black "Payen, Arnaud"]
[Result "1-0"]
[WhiteElo "2586"]
[BlackElo "2364"]
[PlyCount "75"]
[EventDate "2009.02.28"]
[EventType "swiss"]
[EventRounds "9"]
[EventCountry "FRA"]
[Source "lmi"]
[SourceDate "2009.02.28"]

1. d4 e6 2. c4 f5 3. g3 Nf6 4. Bg2 c6 5. Nd2 d5 6. Nh3 Bd6 7. O-O O-O 8. Qc2 a5
9. Nf3 Na6 10. a3 Ne4 11. Nf4 b6 12. Nd3 Bb7 13. Bf4 Be7 14. Be3 c5 15. Rfd1
Qc8 16. cxd5 exd5 17. dxc5 bxc5 18. Rac1 Kh8 19. h4 d4 20. Bg5 Nxg5 21. Nxg5
Bxg2 22. Kxg2 Qb7+ 23. Kh2 Bxg5 24. hxg5 Qe7 25. Qd2 f4 26. gxf4 Qe4 27. f3 Qf5
28. Kg3 Rae8 29. Ne5 Nc7 30. Rh1 Ne6 31. Nd3 Qg6 32. Rh4 Rf5 33. Ne5 Rxe5 34.
fxe5 Nxg5 35. Rg4 h6 36. Rxc5 d3 37. Qxd3 Qb6 38. Qb5 1-0

[Event "25. Open Cappelle la Grande 2009"]
[Site "Cappelle la Grande FRA"]
[Date "2009.03.01"]
[Round "3.46"]
[White "Bachmann, Axel"]
[Black "Batsiashvili, Nino"]
[Result "1-0"]
[WhiteElo "2563"]
[BlackElo "2350"]
[PlyCount "45"]
[EventDate "2009.02.28"]
[EventType "swiss"]
[EventRounds "9"]
[EventCountry "FRA"]
[Source "lmi"]
[SourceDate "2009.02.28"]

1. e4 c6 2. d4 d5 3. f3 Qb6 4. Nc3 dxe4 5. Bc4 e5 6. Nxe4 Qb4+ 7. Nd2 b5 8. c3
Qe7 9. Bd3 exd4+ 10. Ne2 dxc3 11. Ne4 Nf6 12. O-O Nxe4 13. Bxe4 Qb7 14. Qc2
Bc5+ 15. Kh1 Nd7 16. Nxc3 Nf6 17. Bg5 Bd7 18. Bxf6 gxf6 19. Rfd1 O-O-O 20. a4
a6 21. axb5 axb5 22. Nd5 Bb6 23. Ra8+ 1-0

[Event "25. Open Cappelle la Grande 2009"]
[Site "Cappelle la Grande FRA"]
[Date "2009.03.01"]
[Round "3.63"]
[White "Gozzoli, Yannick"]
[Black "Dragomirescu, Robin-Alexandru"]
[Result "1-0"]
[WhiteElo "2503"]
[BlackElo "2303"]
[PlyCount "67"]
[EventDate "2009.02.28"]
[EventType "swiss"]
[EventRounds "9"]
[EventCountry "FRA"]
[Source "lmi"]
[SourceDate "2009.02.28"]

1. d4 Nf6 2. c4 g6 3. Nc3 Bg7 4. Nf3 O-O 5. Bg5 d6 6. e3 Nbd7 7. Be2 e5 8. Qc2
c6 9. O-O Qc7 10. Rfd1 Re8 11. Rac1 Nf8 12. b4 Bf5 13. Qb3 Ne4 14. Nxe4 Bxe4
15. dxe5 dxe5 16. Nd2 Bf5 17. c5 Ne6 18. Bh4 h5 19. h3 g5 20. Bg3 Bg6 21. Nc4
Rad8 22. Rd6 Nf8 23. Rcd1 Ra8 24. Rxg6 Nxg6 25. Bxh5 Re6 26. Rd6 Nf8 27. Rxe6
Nxe6 28. Nd6 Nd8 29. h4 a5 30. hxg5 axb4 31. g6 Qa5 32. gxf7+ Kf8 33. Qc2 Ne6
34. Qh7 1-0

[Event "25. Open Cappelle la Grande 2009"]
[Site "Cappelle la Grande FRA"]
[Date "2009.03.01"]
[Round "3.61"]
[White "Kravtsiv, Martyn"]
[Black "Maisuradze, Nino"]
[Result "1-0"]
[WhiteElo "2510"]
[BlackElo "2308"]
[PlyCount "59"]
[EventDate "2009.02.28"]
[EventType "swiss"]
[EventRounds "9"]
[EventCountry "FRA"]
[Source "lmi"]
[SourceDate "2009.02.28"]

1. e4 c5 2. Nf3 Nc6 3. d4 cxd4 4. Nxd4 e5 5. Nb5 d6 6. c4 Be7 7. N1c3 a6 8. Na3
f5 9. exf5 Bxf5 10. Bd3 Be6 11. O-O Nf6 12. Nc2 O-O 13. Nd5 Kh8 14. Nce3 Rb8
15. b3 b5 16. Bb2 Qd7 17. Rc1 Nd8 18. f4 bxc4 19. Bxc4 Nf7 20. Nxf6 Bxf6 21.
Nd5 Bd8 22. fxe5 Bg5 23. Nf4 Bg4 24. e6 Bxd1 25. exd7 Ne5 26. Rcxd1 Nxc4 27.
Bxg7+ Kxg7 28. Ne6+ Kg8 29. Rxf8+ Rxf8 30. bxc4 1-0

[Event "25. Open Cappelle la Grande 2009"]
[Site "Cappelle la Grande FRA"]
[Date "2009.03.01"]
[Round "3.72"]
[White "Marholev, Dimitar"]
[Black "Arutyunova, Diana"]
[Result "1-0"]
[WhiteElo "2449"]
[BlackElo "2261"]
[PlyCount "47"]
[EventDate "2009.02.28"]
[EventType "swiss"]
[EventRounds "9"]
[EventCountry "FRA"]
[Source "lmi"]
[SourceDate "2009.02.28"]

1. e4 e6 2. d4 d5 3. Nd2 Nf6 4. e5 Nfd7 5. f4 c5 6. c3 Nc6 7. Ndf3 Qb6 8. Ne2
f6 9. a3 c4 10. g3 f5 11. h3 Na5 12. g4 g6 13. Ng3 Be7 14. Bg2 Qb3 15. Qe2 Nb6
16. gxf5 exf5 17. e6 O-O 18. h4 Rf6 19. h5 Nc6 20. Ne5 Rxe6 21. hxg6 hxg6 22.
Nxf5 gxf5 23. Qh5 Bf6 24. Qf7# 1-0

[Event "25. Open Cappelle la Grande 2009"]
[Site "Cappelle la Grande FRA"]
[Date "2009.03.01"]
[Round "3.58"]
[White "Riff, Jean-Noel"]
[Black "Berry, Neil"]
[Result "1-0"]
[WhiteElo "2520"]
[BlackElo "2317"]
[PlyCount "77"]
[EventDate "2009.02.28"]
[EventType "swiss"]
[EventRounds "9"]
[EventCountry "FRA"]
[Source "lmi"]
[SourceDate "2009.02.28"]

1. e4 e6 2. d4 d5 3. Nc3 Bb4 4. e5 c5 5. a3 Bxc3+ 6. bxc3 Qa5 7. Bd2 Qa4 8. Qb1
c4 9. h4 Nc6 10. h5 h6 11. g3 Nge7 12. Bh3 Bd7 13. Qb2 O-O-O 14. f4 g6 15. Nf3
Kb8 16. Ke2 Nc8 17. g4 Nb6 18. Rag1 Ne7 19. Be1 Qa5 20. Qb4 Qxb4 21. axb4 gxh5
22. gxh5 Rdg8 23. Bh4 Nbc8 24. Bf6 Rxg1 25. Rxg1 Rg8 26. Rg7 Rxg7 27. Bxg7 Ng8
28. Ng5 Be8 29. Nh7 Nce7 30. Nf6 Ba4 31. f5 Nxf5 32. Nxg8 Nxg7 33. Bg4 Bxc2 34.
Nxh6 Kc7 35. Nxf7 Kd7 36. h6 Ke7 37. Nd6 Ne8 38. Nxe8 Kxe8 39. Bxe6 1-0

[Event "25. Open Cappelle la Grande 2009"]
[Site "Cappelle la Grande FRA"]
[Date "2009.03.01"]
[Round "3.26"]
[White "Sokolov, Andrei"]
[Black "Hartikainen, Markku"]
[Result "1-0"]
[WhiteElo "2552"]
[BlackElo "2286"]
[PlyCount "89"]
[EventDate "2009.02.28"]
[EventType "swiss"]
[EventRounds "9"]
[EventCountry "FRA"]
[Source "lmi"]
[SourceDate "2009.02.28"]

1. e4 c5 2. Nf3 d6 3. d4 cxd4 4. Nxd4 Nf6 5. Nc3 g6 6. Be3 Bg7 7. f3 Nc6 8. Qd2
O-O 9. O-O-O Nxd4 10. Bxd4 Be6 11. Kb1 Qc7 12. Nb5 Qb8 13. g4 a6 14. Nc3 b5 15.
h4 Rc8 16. h5 Qc7 17. hxg6 hxg6 18. g5 Nh5 19. Bxg7 Kxg7 20. f4 Qc5 21. f5 Bc4
22. Bxc4 bxc4 23. Nd5 c3 24. f6+ exf6 25. gxf6+ Kf8 26. Qh6+ Ke8 27. e5 cxb2
28. Rh2 Kd7 29. Nb6+ Qxb6 30. Rxd6+ Qxd6 31. exd6 Rab8 32. Qe3 Re8 33. Qa7+
Kxd6 34. Qxa6+ Kc5 35. Qa5+ Kd6 36. Qd2+ Ke5 37. Qg5+ Kd6 38. Rd2+ Ke6 39. Re2+
Kd6 40. Rd2+ Ke6 41. Re2+ Kd6 42. Qd2+ Kc6 43. Qc3+ Kd6 44. Qd4+ Kc7 45. Qc5+
1-0

[Event "25. Open Cappelle la Grande 2009"]
[Site "Cappelle la Grande FRA"]
[Date "2009.03.01"]
[Round "3.43"]
[White "Grimberg, Boris"]
[Black "Borovikov, Vladislav"]
[Result "1/2-1/2"]
[WhiteElo "2362"]
[BlackElo "2582"]
[PlyCount "47"]
[EventDate "2009.02.28"]
[EventType "swiss"]
[EventRounds "9"]
[EventCountry "FRA"]
[Source "lmi"]
[SourceDate "2009.02.28"]

1. e4 c5 2. Nf3 d6 3. d4 cxd4 4. Nxd4 Nf6 5. Nc3 a6 6. Bc4 e6 7. Bb3 b5 8. Bg5
Be7 9. Qf3 Qc7 10. O-O-O Nbd7 11. e5 Bb7 12. Qg3 Nxe5 13. Bxe6 fxe6 14. f4 Kf7
15. fxe5 dxe5 16. Nxe6 Kxe6 17. Qh3+ Kf7 18. Bxf6 gxf6 19. Rd7 Qc6 20. Rhd1
Rad8 21. Qh5+ Ke6 22. Qh3+ Kf7 23. Qh5+ Ke6 24. Qh3+ 1/2-1/2

[Event "25. Open Cappelle la Grande 2009"]
[Site "Cappelle la Grande FRA"]
[Date "2009.03.01"]
[Round "3.34"]
[White "Lefebvre, Herve"]
[Black "Vokarev, Sergey"]
[Result "1/2-1/2"]
[WhiteElo "2246"]
[BlackElo "2521"]
[PlyCount "65"]
[EventDate "2009.02.28"]
[EventType "swiss"]
[EventRounds "9"]
[EventCountry "FRA"]
[Source "lmi"]
[SourceDate "2009.02.28"]

1. e4 c6 2. d4 d5 3. Nc3 dxe4 4. Nxe4 Bf5 5. Ng3 Bg6 6. h4 h6 7. Nf3 Nd7 8. h5
Bh7 9. Bd3 Bxd3 10. Qxd3 e6 11. Bf4 Qa5+ 12. Bd2 Bb4 13. c3 Be7 14. c4 Qc7 15.
O-O-O Ngf6 16. Qe2 O-O 17. Ne5 Nxe5 18. dxe5 Nd7 19. Rhe1 Rfd8 20. Kb1 a5 21.
f4 Nc5 22. Be3 Rxd1+ 23. Rxd1 Rd8 24. Bxc5 Bxc5 25. Ne4 Be7 26. Kc2 Kf8 27. g4
Ke8 28. c5 Rd5 29. Rxd5 exd5 30. Nd6+ Kf8 31. Qd3 Bxd6 32. cxd6 Qb6 33. Qf5
1/2-1/2

[Event "25. Open Cappelle la Grande 2009"]
[Site "Cappelle la Grande FRA"]
[Date "2009.03.01"]
[Round "3.67"]
[White "McNab, Colin A"]
[Black "Van De Berkmortel, Theo"]
[Result "1/2-1/2"]
[WhiteElo "2473"]
[BlackElo "2274"]
[PlyCount "69"]
[EventDate "2009.02.28"]
[EventType "swiss"]
[EventRounds "9"]
[EventCountry "FRA"]
[Source "lmi"]
[SourceDate "2009.02.28"]

1. c4 g6 2. g3 Bg7 3. Bg2 Nf6 4. e4 d6 5. Nc3 O-O 6. Nge2 c5 7. O-O Nc6 8. d3
Rb8 9. Rb1 Ne8 10. Be3 Nd4 11. b4 Nc7 12. Qd2 Bd7 13. Rfc1 e5 14. bxc5 dxc5 15.
f4 Bg4 16. Rf1 Qd7 17. fxe5 Bxe5 18. Nf4 b5 19. Ncd5 Nxd5 20. Nxd5 bxc4 21.
dxc4 Qd6 22. Rxb8 Rxb8 23. Kh1 f6 24. Bf4 Be2 25. Rc1 Kh8 26. Be3 Bg4 27. Qf2
Qa6 28. h3 Ne2 29. hxg4 Rb2 30. Bf4 Nxf4 31. Qxc5 Bd6 32. Qd4 Be5 33. Qc5 Bd6
34. Qd4 Be5 35. Qc5 1/2-1/2